It looks like you're offline.
Open Library logo
additional options menu

MARC record from Internet Archive

LEADER: 02223cam 2200577Ia 4500
001 ocm23019497
003 OCoLC
005 20200807001934.0
008 910128s1989 njua b 000 0 eng d
040 $aTYC$beng$cTYC$dOCLCQ$dBAKER$dOCLCQ$dBTCTA$dOCLCG$dMNJ$dYDXCP$dOCLCO$dOCLCQ$dCHVBK$dOCLCF$dOCLCQ$dJDP$dOCLCO
020 $a1555216587
020 $a9781555216580
035 $a(OCoLC)23019497
041 1 $aeng$hfre
050 14 $aN6537.H6$bA413 1989
082 04 $a759.13
100 1 $aHopper, Edward,$d1882-1967.
245 10 $aEdward Hopper /$c[catalogue preparation, Françoise Bonnefoy].
260 $aSecaucus, N.J. :$bWellfleet Press,$c©1989.
300 $a118 pages :$billustrations (some color) ;$c30 cm
336 $atext$btxt$2rdacontent
337 $aunmediated$bn$2rdamedia
338 $avolume$bnc$2rdacarrier
500 $aTranslated from the French.
500 $a"A work created on the occasion of the Edward Hopper exhibition, Musée Cantini, Marseille, June 23-September 24, 1989"--Title page verso.
504 $aIncludes bibliographical references (page 113).
505 0 $aRestrained desire under a sharp light / Nicolas Cendo -- The photosynthesis of being / Yves Bonnefoy -- Commentary on the works / Germain Viatte.
600 10 $aHopper, Edward,$d1882-1967$vExhibitions.
600 17 $aHopper, Edward,$d1882-1967$2fast$0(OCoLC)fst00036675
655 7 $aExhibition catalogs.$2fast$0(OCoLC)fst01424028
655 7 $aExhibition catalogs.$2lcgft
700 1 $aBonnefoy, Françoise.
710 2 $aMusée Cantini.
938 $aBaker & Taylor$bBKTY$c19.98$d14.99$i1555216587$n0001924404$sactive
938 $aBaker and Taylor$bBTCP$nbl 99717104
938 $aYBP Library Services$bYANK$n7875816
029 1 $aAU@$b000008661193
029 1 $aCHDSB$b006069481
029 1 $aNLGGC$b23713067X
029 1 $aNZ1$b14614281
029 1 $aNZ1$b3979779
029 1 $aUKBCI$b071304088
029 1 $aUKBNS$b071304088
029 1 $aUKSCO$b071304088
029 1 $aUKSGC$b071304088
029 1 $aUKSOM$b071304088
029 1 $aUNITY$b071304088
029 1 $aCHVBK$b328166162
029 1 $aCHBIS$b010313528
994 $aZ0$bP4A
948 $hHELD BY P4A - 150 OTHER HOLDINGS